Fra Diavolo.
Uložené v:
| Hlavný autor: | |
|---|---|
| Médium: | Hudobnina |
| Jazyk: | Italian |
| Vydané: |
Milano :
G. Ricordi & C.,
[s.a.].
|
| Fyzický popis: |
151 strán. |
| Tagy: |
Pridať tag
Žiadne tagy, Buďte prvý kto otaguje tento záznam!
|
Titul je dostupný aj v ... 

MARC
| LEADER | 00000ncm a2200000#i#4500 | ||
|---|---|---|---|
| 001 | 000709366 | ||
| 005 | 20240220100604.0 | ||
| 008 | 240220s it e 000 0 ita d | ||
| 020 | |q (brožované) |c Kčs 10,00 | ||
| 040 | |a SVKK |b slo |c SVKK |e rda | ||
| 100 | 1 | |a Auber, Daniel Francois Esprit, |d 1782-1871 | |
| 245 | 1 | 0 | |a Fra Diavolo. |
| 264 | 1 | |a Milano : |b G. Ricordi & C., |c [s.a.]. | |
| 300 | |a 151 strán. | ||
| 336 | |a zápis hudby |b ntm |2 rdacontent | ||
| 337 | |a bez média |b n |2 rdamedia | ||
| 338 | |a zväzok |b nc |2 rdacarrier | ||
| 500 | |a Záznam revízie | ||
| 910 | |a svkkk | ||
| 998 | |a MU | ||
| 090 | |g SCKHL |k Sklad Pribinova 3. posch. |a V.37308 |j 323932 |i 2720982904 |s Prezenčne | ||